000 01195cas a2200313 i 4500
999 _c23794
_d23794
001 vtls001431246
003 NUKAT
005 20200221090704.0
008 091006u19962000pl qr|p| | |0 |0pol c
022 _y1231-5672
035 _axx001431246
039 9 _a201809140133
_bVLOAD
_c201809130150
_dVLOAD
_c201211211327
_dvbj
_c200910130108
_dVLOAD
040 _aŁ U/JW
_cŁ U/JW
_dŁ U/bea
_bpol
_erda
099 _aja2009014221
245 0 0 _aW Telekomunikacji i Poczcie :
_bpismo Państwowej Inspekcji Telekomunikacyjnej i Pocztowej,
_c[Władysław Grabowski red. nacz.].
260 _aWarszawa :
_bGospodarstwo Pomocnicze Państwowej Inspekcji Telekomunikacyjnej i Pocztowej,
_c1996 -[2000].
300 _c30 cm.
310 _aKwart.
336 _aTekst
_btxt
_2rdacontent
337 _aBez urządzenia pośredniczącego
_bn
_2rdamedia
338 _aWolumin
_bnc
_2rdacarrier
362 0 _a1996, nr 1 = 9 -.
515 _aOstatni znany 2000, nr 2 = 26.
700 1 _aGrabowski, Władysław.
_eRed.
710 1 _aPolska.
_bPaństwowa Inspekcja Telekomunikacyjna i Pocztowa.
780 0 0 _tW Telekomunikacji
_g1994-1995
_x1231-5672
_wxx001431194
942 _2ddc
_cCR